| 000 | 004270000a22001810004500 | ||
|---|---|---|---|
| 003 | MACL | ||
| 005 | 20150901132126.0 | ||
| 008 | 150901b xxu||||| |||| 00| 0 eng d | ||
| 040 |
_aMACL _cMACL |
||
| 041 | _aEnglish | ||
| 082 | _a800/BIM | ||
| 100 |
_aRaina, Bimla _98225 |
||
| 245 | _aLal Dev in My View | ||
| 260 |
_aNew Delhi _bUBS Pub. _c2009 |
||
| 350 | _a125 | ||
| 650 |
_aLiterature _98226 |
||
| 942 |
_cBK _k800/BIM _2ddc |
||
| 999 |
_c47978 _d47978 |
||